000 00664nam a2200241 i 4500
001 C2-0133809
003 PPAK
005 20180727123625.0
008 971203s1991 my |||| ||||| | may d
020 _a9679959899
040 _aPPAK
_beng
_cPPAK
_erda
082 0 4 _a495.63992
_223
090 0 0 _a495.63992
_bTAK
_dR
100 0 _aTakahashi,
_eauthor
245 1 0 _aKamus lengkap Jepun :
_bInggeris - Jepun - Bahasa Malaysia
264 1 _aKuala Lumpur :
_bGolden Books Centre ,
_c1991
300 _a502 pages ;
_c21 cm
336 _2rdacontent
_atext
337 _2rdamedia
_aunmediated
338 _2rdacarrier
_avolume
700 _eauthor
942 _ddc
_cB
999 _c42239
_d42239